190 losowych Flag świata - Statystyki

Ogólne statystyki
  • Ten quiz został rozwiązany 8 razy
  • Średni wynik to 59 z 190
Statystyki odpowiedzi
Obrazkowy Hint Odpowiedź % Poprawnych
Chile
75%
Czad
75%
Słowenia
75%
Australia
67%
Demokratyczna Republika Konga
67%
Nikaragua
67%
Szwecja
67%
Albania
60%
Cypr
60%
Czechy
60%
Gabon
60%
Holandia
60%
Malezja
60%
Nowa Zelandia
60%
Paragwaj
60%
Senegal
60%
Andora
50%
Argentyna
50%
Boliwia
50%
Bośnia i Hercegowina
50%
Chorwacja
50%
Curaçao
50%
Czarnogóra
50%
Dominikana
50%
Ghana
50%
Grecja
50%
Gruzja
50%
Hiszpania
50%
Honduras
50%
Indonezja
50%
Irak
50%
Kanada
50%
Kenia
50%
Komory
50%
Korea Północna
50%
Korea Południowa
50%
Kuba
50%
Macedonia Północna
50%
Madagaskar
50%
Malediwy
50%
Malta
50%
Mauretania
50%
Panama
50%
Peru
50%
Portugalia
50%
Rosja
50%
Rumunia
50%
Sahara Zachodnia
50%
Saint Vincent i Grenadyny
50%
San Marino
50%
Singapur
50%
Sudan Południowy
50%
Szkocja
50%
Tunezja
50%
Turcja
50%
Węgry
50%
Wenezuela
50%
Włochy
50%
Wyspy Cooka
50%
Zambia
50%
Anglia
43%
Fidżi
43%
Haiti
43%
Katar
43%
Łotwa
43%
Nigeria
43%
Wielka Brytania
43%
Wyspy Owcze
43%
Angola
40%
Armenia
40%
Bahamy
40%
Burkina Faso
40%
Etiopia
40%
Grenada
40%
Gwinea
40%
Indie
40%
Jemen
40%
Jordania
40%
Lesotho
40%
Litwa
40%
Makau
40%
Maroko
40%
Monako
40%
Namibia
40%
Niemcy
40%
Niger
40%
Norwegia
40%
Oman
40%
Sri Lanka
40%
Tajlandia
40%
Turkmenistan
40%
Ukraina
40%
Uzbekistan
40%
Bangladesz
33%
Benin
33%
Bermudy
33%
Chiny
33%
Dania
33%
Estonia
33%
Filipiny
33%
Finlandia
33%
Francuskie Terytoria Południowe i Antarktyczne
33%
Gujana Francuska
33%
Irlandia
33%
Islandia
33%
Jamajka
33%
Jersey
33%
Kajmany
33%
Kamerun
33%
Kingman
33%
Kiribati
33%
Kosowo
33%
Kuwejt
33%
Liban
33%
Malawi
33%
Mali
33%
Mariany Północne
33%
Mikronezja
33%
Mołdawia
33%
Mozambik
33%
Nepal
33%
Niue
33%
Portoryko
33%
Republika Zielonego Przylądka
33%
To nie Francja Saint Martin
33%
Samoa
33%
Samoa Amerykańskie
33%
Serbia
33%
To nie Norwegia Svalbard i Jan Mayen
33%
Syria
33%
Tanzania
33%
Trynidad i Tobago
33%
Turks i Caicos
33%
Urugwaj
33%
Vanuatu
33%
Walia
33%
Watykan
33%
Wietnam
33%
Wyspy Salomona
33%
Anguilla
29%
Eswatini
29%
Gibraltar
29%
Guam
29%
Gujana
29%
Libia
29%
Republika Środkowoafrykańska
29%
Tajwan
29%
Togo
29%
Tonga
29%
Wyspa Man
29%
Zimbabwe
29%
Afganistan
25%
Akrotiri
25%
Antarktyka
25%
Azerbejdżan
25%
Brytyjskie Wyspy Dziewicze
25%
Bułgaria
25%
To nie USA Dalekie Wyspy Mniejsze Stanów Zjednoczonych
25%
Dominika
25%
Ekwador
25%
Francja
25%
Grenlandia
25%
Gwatemala
25%
Kambodża
25%
Kolumbia
25%
Liberia
25%
Martynika
25%
Midway
25%
Navassa
25%
Polska
25%
Sierra Leone
25%
Sint Maarten
25%
Słowacja
25%
Szwajcaria
25%
Timor Wschodni
25%
Tuvalu
25%
To nie Norwegia Wyspa Bouveta
25%
Wyspa Bożego Narodzenia
25%
To nie Australia Wyspy Heard i McDonalda
25%
Wyspy Kokosowe
25%
Wyspy Marshalla
25%
Wyspy Świętego Tomasza i Książęca
25%
Zjednoczone Emiraty Arabskie
25%
Antigua i Barbuda
20%
Arabia Saudyjska
20%
Bahrajn
20%
Belgia
20%
Belize
20%
Bhutan
20%
Białoruś
20%
Brytyjskie Terytorium Oceanu Indyjskiego
20%
Dżibuti
20%
Egipt
20%
Gambia
20%
Holandia Karaibska
20%
Iran
20%
Japonia
20%
Kostaryka
20%
Majotta
20%
Montserrat
20%
Nauru
20%
Pakistan
20%
Palau
20%
Polinezja Francuska
20%
Rwanda
20%
Saint-Barthélemy
20%
Saint Pierre i Miquelon
20%
Seszele
20%
Somalia
20%
Tadżykistan
20%
Tristan da Cunha
20%
Uganda
20%
Wake
20%
Wybrzeże Kości Słoniowej
20%
Aruba
17%
Botswana
17%
Burundi
17%
Guernsey
17%
Gwinea Bissau
17%
Gwinea Równikowa
17%
Irlandia Północna
17%
Johnston
17%
Kazachstan
17%
Kongo
17%
Liechtenstein
17%
Meksyk
17%
Nowa Kaledonia
17%
Palestyna
17%
Republika Południowej Afryki
17%
Saint Kitts i Nevis
17%
Sint Eustatius
17%
Sudan
17%
Wyspa Clippertona
17%
Wyspa Świętej Heleny
17%
Wyspy Alandzkie
17%
Wyspy Dziewicze Stanów Zjednoczonych
17%
Brytyjskie Terytorium Antarktyczne
14%
Dhekelia
14%
Georgia Południowa i Sandwich Południowy
14%
Mjanma
14%
Wallis i Futuna
14%
Algieria
0%
Austria
0%
Barbados
0%
Brazylia
0%
Brunei
0%
Erytrea
0%
Falklandy
0%
Gwadelupa
0%
Hongkong
0%
Howland, Jarvis i Baker
0%
Izrael
0%
Kirgistan
0%
Laos
0%
Luksemburg
0%
Mauritius
0%
Mongolia
0%
Palmyra
0%
Papua Nowa Gwinea
0%
Pitcairn
0%
Reunion
0%
Saba
0%
Saint Lucia
0%
Salwador
0%
Stany Zjednoczone
0%
Surinam
0%
Tokelau
0%
Wyspa Norfolk
0%
Wyspa Wniebowstąpienia
0%
Nie znaleziono quizów pasujących do podanych kryteriów
Rozkład punktacji
Procent ludzi z każdym wynikiem
Percentyl według liczby udzielonych odpowiedzi
Twoja historia wyników
Nie rozwiązałeś tego quizu